| 000 | 00927nam a22002057a 4500 | ||
|---|---|---|---|
| 999 |
_c12744 _d12744 |
||
| 003 | AR-CdUCM | ||
| 008 | 190410b ||||| |||| 00| 0 esp d | ||
| 040 |
_aMUNICIPALIDAD PROVINCIAL DEL CUSCO _cBIBLIOTECA MUNICIPAL DEL CUSCO |
||
| 082 |
_a985.05 / _bSA235 |
||
| 100 |
_aCentro de Estudios Histórico Militares del Perú _930779 |
||
| 245 |
_aPróceres del Perú : _bFelipe Santiago Estenós / |
||
| 260 |
_aMéxico, D.F : _bTalleres de Gráfica Panamericana, _c1965. |
||
| 300 |
_a382 páginas ; _b21 cm. |
||
| 500 | _aDonación: de Víctor Gonzales Andrade al Sr Alcalde Daniel Estrada Pérez, | ||
| 505 | _aEstenos en la Universidad de San Marcos -- Entrevista con el Protector San Martín -- Primer congreso constituyente de Perú -- La llegada de Bolivia -- Estenós y el Cacique Ara ... | ||
| 650 |
_aHéroes _91336 |
||
| 650 |
_aPublicaciones militares _930780 |
||
| 942 |
_2ddc _cLIBROS |
||
| 945 |
_aacrt _d10/04/2019 |
||